000 00370 a2200169 4500
001 187235
020 _a978-85-08-12066-6
040 _cMagnum
100 _aScliar, Moacyr
240 1 0 _aO mistério da casa verde
_lpor
245 1 0 _aO mistério da casa verde
300 _a88
362 0 _a2015
440 1 _aÁtica
697 _aLITERATURA JUVENIL
942 _cBK
999 _c187235
_d187235